| 000 | 00000nam##2200000za#4500 |
| 001 | 9.571903 |
| 003 | CaOODSP |
| 005 | 20210624182944 |
| 007 | cr ||||||||||| |
| 008 | 150406|2008||||xxc|||||o f|0| 0 eng|d |
| 040 | |aCaOODSP|beng |
| 043 | |an-cn--- |
| 086 | 1 |aNH18-24/58-2008E-PDF |
| 110 | 2 |aCanada Mortgage and Housing Corporation. |
| 245 | 14|aThe ABC's of windows |h[electronic resource] |
| 250 | |aRev. 2008 |
| 260 | |bCanada Mortgage and Housing Corporation |cc2004. |
| 300 | |a6p.|btables |
| 490 | 1 |aAbout your house |vCE58 |
| 590 | |a11-24-Supp|b2011-10-24 |
| 775 | 08|tL'ABC des fenêtres |w(CaOODSP)9.602323 |
| 830 | #0|aAbout your house ;|vCE58|w(CaOODSP)9.505388 |
| 856 | 40|ahttp://publications.gc.ca|qPDF|s109 KB|uhttps://publications.gc.ca/collections/collection_2011/schl-cmhc/nh18-24/NH18-24-58-2008-eng.pdf|yCE58 |